[Event "27th Pula Open 2013"]
[Site "Pula CRO"]
[Date "2013.06.08"]
[Round "1.7"]
[White "Schnepel,T"]
[Black "Sulava,N"]
[Result "0-1"]
[WhiteElo "1969"]
[BlackElo "2484"]

1.e4 c5 2.Nf3 e6 3.d4 cxd4 4.Nxd4 a6 5.Nc3 b5 6.Bd3 Bb7 7.Qe2 Qb6 8.Nb3 Qc7
9.O-O Nf6 10.f4 b4 11.Nd1 a5 12.Be3 Nxe4 13.Nd4 Bc5 14.Kh1 Qb6 15.Nb3 Bxe3
16.Nxe3 Nd6 17.Rae1 Na6 18.f5 Nc7 19.Qg4 g6 20.fxe6 Nxe6 21.Bc4 O-O 22.Qh4 Qd8
23.Qg3 Nxc4 24.Nxc4 Ba6 25.Nbxa5 Bb5 26.Re5 Rxa5 27.Nxa5 Bxf1 28.Qe1 Qf6
29.Re3 Ba6 30.Nb3 Qf1+  0-1

[Event "FSFMB June 2013"]
[Site "Budapest HUN"]
[Date "2013.06.09"]
[Round "9.1"]
[White "Mayer,I"]
[Black "Csiba,Tibor Dr."]
[Result "1/2-1/2"]
[WhiteElo "2060"]
[BlackElo "1587"]

1.e4 c5 2.Nf3 e6 3.d4 cxd4 4.Nxd4 a6 5.Nc3 Qc7 6.Bd3 Nf6 7.O-O Be7 8.Bg5 Nc6
9.Nxc6 Qxc6 10.e5 Nd5 11.Bxe7 Kxe7 12.Nxd5+ Qxd5 13.Re1 d6 14.exd6+ Qxd6
15.Bf1 Rd8 16.Qxd6+ Rxd6 17.Rad1 b5 18.Rxd6 Kxd6 19.Rd1+ Kc7  1/2-1/2

[Event "2nd Grand Europe Open 2013"]
[Site "Golden Sands BUL"]
[Date "2013.06.10"]
[Round "1.55"]
[White "Dimitrov,De"]
[Black "Givon,A"]
[Result "0-1"]
[WhiteElo "2029"]
[BlackElo "2415"]

1.e4 c5 2.Nf3 e6 3.d4 cxd4 4.Nxd4 a6 5.Nc3 b5 6.g3 Bb7 7.Bg2 Nf6 8.O-O b4
9.Nd5 exd5 10.exd5 Bc5 11.Re1+ Kf8 12.Nf5 h6 13.Bf4 d6 14.Qd2 Ng4 15.Re2 Qf6
16.Rae1 Nd7 17.Ne3 Nge5 18.a3 a5 19.axb4 axb4 20.Kh1 g5 21.Bxe5 Nxe5 22.f4 gxf4
23.gxf4 Qxf4 24.Rf1 Qg5 25.Qe1 Bxe3 26.Rxe3 Rg8 27.Rg3 Qe7 28.Rxg8+ Kxg8
29.Qxb4 Ng6 30.Re1 Qh4 31.Qxh4 Nxh4 32.c4 Ra2 33.Rb1 Nxg2 34.Kxg2 Ba6 35.c5 dxc5
36.d6 Bb5 37.Re1 Rxb2+ 38.Kg3 Rd2  0-1

[Event "FIDE World Blitz 2013"]
[Site "Khanty-Mansiysk RUS"]
[Date "2013.06.10"]
[Round "17.7"]
[White "Najer,E"]
[Black "Rublevsky,S"]
[Result "0-1"]
[WhiteElo "2633"]
[BlackElo "2695"]

1.e4 c5 2.Nf3 e6 3.d4 cxd4 4.Nxd4 a6 5.Nc3 Qc7 6.Bd3 Nf6 7.O-O Nc6 8.Nxc6 bxc6
9.Qf3 Bd6 10.Qh3 c5 11.b3 Be5 12.Bd2 d5 13.exd5 exd5 14.Qh4 Bb7 15.Rae1 O-O
16.Ne2 c4 17.bxc4 dxc4 18.Qxc4 Bxh2+ 19.Kh1 Qxc4 20.Bxc4 Bd6 21.Rb1 Rac8
22.Bd3 Rc7 23.Bb4 Bxb4 24.Rxb4 Nd5 25.Ra4 g6 26.Kg1 Re8 27.a3 Rxe2 28.Bxe2 Nc3
29.Rb4 Nxe2+ 30.Kh2 Rc5 31.g4 Bd5 32.f3 Rxc2 33.Rf2 Bxf3  0-1

[Event "27th Pula Open 2013"]
[Site "Pula CRO"]
[Date "2013.06.11"]
[Round "5.5"]
[White "Zelcic,R"]
[Black "Plenca,J"]
[Result "1-0"]
[WhiteElo "2537"]
[BlackElo "2351"]

1.e4 c5 2.Nf3 e6 3.d4 cxd4 4.Nxd4 a6 5.Nc3 Qc7 6.Be2 Nf6 7.O-O d6 8.a4 Be7
9.f4 O-O 10.Kh1 Nc6 11.Be3 Bd7 12.Qe1 Nb4 13.Qg3 Kh8 14.Bg1 Rac8 15.e5 Ng8
16.Ne4 d5 17.Ng5 Nc6 18.Bd3 Nxd4 19.Bxd4 f5 20.exf6 Bxf6 21.Bxf6 Rxf6 22.Nxh7 Rh6
23.Ng5 Rf8 24.Rae1 Qd6 25.Nf3 Bxa4 26.Ne5 Be8 27.Bg6 Qd8 28.Bd3 Nf6 29.Ng4 Nxg4
30.Qxg4 Qf6 31.Re5 Bb5 32.Bxb5 axb5 33.Kg1 Rc8 34.Rf2 Rc4 35.Qf3 b4 36.g3 Qf8
37.Qe2 Qc5 38.f5 exf5 39.Rxf5 Qd4 40.Qe8+ Kh7 41.Rf8  1-0

[Event "2nd Grand Europe Open 2013"]
[Site "Golden Sands BUL"]
[Date "2013.06.14"]
[Round "5.16"]
[White "Sanal,V"]
[Black "Grandelius,N"]
[Result "1/2-1/2"]
[WhiteElo "2409"]
[BlackElo "2544"]

1.e4 c5 2.Nf3 e6 3.d4 cxd4 4.Nxd4 a6 5.Nc3 b5 6.Bd3 Qb6 7.Nf3 Qc7 8.O-O Bb7
9.Re1 Be7 10.e5 f5 11.Nd4 g6 12.Bf4 b4 13.Na4 Nc6 14.Nb3 Nd8 15.Nd4 Nf7 16.h3 Bc5
17.Nxc5 Qxc5 18.Nf3 Ne7 19.a3 O-O 20.axb4 Qxb4 21.Qd2 Qb6 22.Ng5 Nd8 23.c4 h6
24.Nf3 g5 25.Be3 Qc6 26.Ra5 Nf7 27.Qb4 Ng6 28.Rc5 a5 29.Qc3 Qa6 30.Rc7 Rac8
31.Rxc8 Rxc8 32.Bd4 Bxf3 33.gxf3 Qb7 34.Re3 Nf4 35.Bf1 Qb4 36.Qc2 a4 37.Bc3 Qb3
38.Qxb3 axb3 39.Bd4 Rb8 40.Re1 Nd8 41.Bc3 Nc6 42.Kh2 Kf7 43.Ra1 Kg6 44.Re1 Ra8
45.Kg3 Ra4 46.Kh2 Ne7 47.Kg3  1/2-1/2

[Event "Zonal 3.4 2013"]
[Site "Osh KGZ"]
[Date "2013.06.14"]
[Round "8"]
[White "Atabayew,S"]
[Black "Atabayev,Y"]
[Result "0-1"]
[WhiteElo "2187"]
[BlackElo "2443"]

1.e4 c5 2.Nf3 e6 3.d4 cxd4 4.Nxd4 a6 5.Nc3 b5 6.Bd3 Qb6 7.Nb3 Qc7 8.O-O Bb7
9.Qe2 Be7 10.f4 b4 11.Nd1 Nf6 12.c4 d6 13.Bd2 Nc6 14.Rc1 a5 15.Be3 O-O 16.c5 e5
17.cxd6 Bxd6 18.f5 a4 19.Nd2 Qe7 20.g4 Nd4 21.Qg2 Ba6 22.Bxa6 Rxa6 23.g5 Nh5
24.f6 Qe6 25.Bxd4 exd4 26.Qe2 g6 27.Nf3 Ra5 28.Nf2 Bf4 29.Nxd4 Rxg5+ 30.Kh1 Qxf6
31.Rcd1 Re8 32.Ng4 Qe7 33.Rde1 Kg7 34.h4 Ng3+  0-1

[Event "Kings Place Rapid 2013"]
[Site "London ENG"]
[Date "2013.06.15"]
[Round "5.5"]
[White "Zhou,Y"]
[Black "Wallace,JP"]
[Result "0-1"]
[WhiteElo "2469"]
[BlackElo "2394"]

1.e4 c5 2.Nf3 e6 3.d4 cxd4 4.Nxd4 a6 5.Nc3 d6 6.g4 g5 7.Bg2 Nd7 8.h4 gxh4
9.Be3 Ne5 10.Qe2 Nf6 11.Rxh4 Rg8 12.g5 h6 13.gxf6 Rxg2 14.O-O-O Qxf6 15.Rdh1 Bd7
16.Qf1 Rg4 17.Rh5 Rg6 18.f4 Ng4 19.Bg1 Rc8 20.Nde2 b5 21.Bd4 Qd8 22.f5 Rg5
23.fxe6 fxe6 24.Kb1 b4 25.Nd1 e5 26.Be3 Rxh5 27.Rxh5 Qc7 28.c3 Qc4 29.Qf3 Qd3+
30.Kc1 bxc3 31.Nexc3 d5 32.exd5 Ba4 33.Rh2 Bxd1 34.Qh3 Rxc3+ 35.bxc3 Ba3+
36.Rb2 Qc2+  0-1

[Event "8th Teplice Open 2013"]
[Site "Teplice CZE"]
[Date "2013.06.16"]
[Round "2.10"]
[White "Andreev,Ed UKR"]
[Black "Hadraba,V"]
[Result "1-0"]
[WhiteElo "2498"]
[BlackElo "2216"]

1.e4 c5 2.Nf3 e6 3.d4 cxd4 4.Nxd4 a6 5.Nc3 Qc7 6.Bd3 Nf6 7.f4 d6 8.Qe2 Nbd7
9.g4 Nc5 10.g5 Nfd7 11.Bd2 b5 12.b4 Nxd3+ 13.cxd3 Be7 14.Rc1 Qb7 15.O-O g6
16.Qf2 O-O 17.Nc6 Bd8 18.Nxd8 Rxd8 19.Be3 Rf8 20.f5 Ne5 21.fxg6 hxg6 22.Bd4 Qe7
23.Qh4 Re8 24.Nd1 f5 25.gxf6 Qh7 26.f7+  1-0

[Event "8th Teplice Open 2013"]
[Site "Teplice CZE"]
[Date "2013.06.16"]
[Round "2.1"]
[White "Kantans,T"]
[Black "Mamedov,Nid"]
[Result "0-1"]
[WhiteElo "2320"]
[BlackElo "2602"]

1.e4 c5 2.Nf3 e6 3.d4 cxd4 4.Nxd4 a6 5.Nc3 Qc7 6.g3 Bb4 7.Ne2 Nf6 8.Bg2 Be7
9.O-O Nc6 10.a4 O-O 11.h3 Rb8 12.g4 b5 13.axb5 axb5 14.g5 Ne8 15.Ng3 Bc5
16.Nh5 b4 17.Na4 Ba7 18.Qd3 Ne5 19.Qg3 d6 20.Bf4 Ba6 21.Rfd1 Be2 22.Rxd6 Bxh5
23.Rd2 Rb5 24.c4 Ra5 25.c5 Qc6 26.b3 Ng6 27.e5 Qc7 28.c6 Nxf4 29.Qxf4 Rxe5
30.Qh4 g6 31.Rd7 Qa5 32.Qg3 Bb8  0-1

[Event "8th Teplice Open 2013"]
[Site "Teplice CZE"]
[Date "2013.06.17"]
[Round "3.30"]
[White "Weinzettl,E"]
[Black "Ta,V"]
[Result "1-0"]
[WhiteElo "2297"]
[BlackElo "1968"]

1.e4 c5 2.Nf3 e6 3.Nc3 a6 4.d4 cxd4 5.Nxd4 Nc6 6.Nxc6 bxc6 7.Bd3 d5 8.O-O Bc5
9.Qe2 Ne7 10.Na4 Ba7 11.c4 O-O 12.b3 Ng6 13.Kh1 Bb7 14.f4 c5 15.cxd5 exd5
16.e5 c4 17.bxc4 dxc4 18.Be4 Bxe4 19.Qxe4 Qa5 20.Qc2 Rfd8 21.Rb1 Rac8 22.Nc3 Bc5
23.h3 Rd3 24.Ne4 Bf8 25.Nf2 Rd5 26.Be3 Qa3 27.Qe4 Rcd8 28.Bb6 R8d7 29.Qxc4 Rd2
30.e6 fxe6 31.f5 Ne5 32.Qxe6+ Rf7 33.Ne4 Qxa2 34.Nxd2 Qxd2 35.Be3 Qd3 36.Bf4 Kh8
37.Kh2 Re7 38.Qc8  1-0

[Event "7th Varna Open 2013"]
[Site "Varna BUL"]
[Date "2013.06.19"]
[Round "1.2"]
[White "Spasov,V"]
[Black "Talmaci,Alexandru"]
[Result "1-0"]
[WhiteElo "2565"]
[BlackElo "1581"]

1.e4 c5 2.Nf3 e6 3.d4 cxd4 4.Nxd4 a6 5.Nc3 Qc7 6.Bd3 Nf6 7.Qe2 d6 8.Bg5 Be7
9.O-O-O b5 10.f4 Bb7 11.Bxf6 Bxf6 12.Bxb5+ axb5 13.Ndxb5 Qb6 14.Nxd6+ Kf8
15.e5 Be7 16.f5 exf5 17.Nxf5 Bg5+ 18.Kb1 g6 19.Qg4 h6 20.Nd6 Bc6 21.Rhf1 Be8
22.Qe6  1-0

[Event "13th IPCA World Championship"]
[Site "Velke Losiny CZE"]
[Date "2013.06.19"]
[Round "2.10"]
[White "Jennitha,A"]
[Black "Sekac,M"]
[Result "1-0"]
[WhiteElo "1945"]
[BlackElo "2090"]

1.e4 c5 2.Nf3 e6 3.d4 cxd4 4.Nxd4 a6 5.Nc3 Qc7 6.Bd3 Nf6 7.O-O Nc6 8.Be3 Ne5
9.h3 Bc5 10.Qe2 d6 11.Nb3 Bxe3 12.Qxe3 b5 13.f4 Nxd3 14.cxd3 O-O 15.Rac1 Qb7
16.Na5 Qa7 17.Qxa7 Rxa7 18.b4 Bd7 19.e5 dxe5 20.fxe5 Nd5 21.Nxd5 exd5 22.d4 f6
23.exf6 Rxf6 24.Rxf6 gxf6 25.Rc5 Kf7 26.a3 Ke6 27.Kf2 Kd6 28.Nb3 Bf5 29.Na5 Rc7
30.Rxc7 Kxc7 31.Nb3 Kb6 32.Ke3 Bc2 33.Nc5 Bf5 34.Kf4 Bc8 35.g4 a5 36.h4 axb4
37.axb4 h6 38.Nd3 Kc6 39.Nf2 Be6 40.Nd1 Kd7 41.Ne3 Bf7 42.h5 Ke6 43.Nf5 Bg8
44.Nxh6 Bh7 45.g5 fxg5+ 46.Kxg5 Bc2 47.Nf5  1-0

[Event "III Marcel Duchamp Boca Jun Op"]
[Site "Buenos Aires ARG"]
[Date "2013.06.20"]
[Round "1.20"]
[White "Yanez Almonacid,Jermain Esteba"]
[Black "Madina Yadarola,M1"]
[Result "0-1"]
[WhiteElo "1772"]
[BlackElo "2256"]

1.e4 c5 2.Nf3 e6 3.d4 cxd4 4.Nxd4 a6 5.Nc3 Ne7 6.Be3 d6 7.Qd2 Nec6 8.O-O-O Nd7
9.Bc4 Nde5 10.Bb3 Na5 11.Rhe1 Nec4 12.Qe2 Nxe3 13.Qxe3 Be7 14.Kb1 O-O 15.f4 Nxb3
16.Nxb3 Qc7 17.g4 b5 18.g5 b4 19.Ne2 a5 20.Nbd4 Bd7 21.h4 Rfc8 22.Rc1 g6
23.h5 e5 24.hxg6 hxg6 25.Nf3 Qc5 26.Qd2 Bg4 27.Neg1 a4 28.fxe5 dxe5 29.Qd5 Be6
30.Qxc5 Rxc5 31.Re3 Rd8 32.b3 Ra5 33.Kb2 Rda8 34.Ra1 a3+ 35.Kc1 Rc8 36.c4 bxc3
37.Kc2 Bb4 38.Ne2 Bg4 39.Rd1 Be7 40.Rg1 Bc5 41.Rxc3 Bxf3  0-1

[Event "5th Lublin Union Mem GM"]
[Site "Lublin POL"]
[Date "2013.06.20"]
[Round "6.5"]
[White "Sulypa,A"]
[Black "Drozdowski,K"]
[Result "0-1"]
[WhiteElo "2508"]
[BlackElo "2441"]

1.e4 c5 2.Nf3 e6 3.d4 cxd4 4.Nxd4 a6 5.Nc3 Qc7 6.Bd3 Nf6 7.O-O d6 8.f4 Nbd7
9.a4 g6 10.Kh1 Bg7 11.a5 O-O 12.Be3 Nc5 13.Nde2 Bd7 14.b4 Nxd3 15.cxd3 Bc6
16.Rc1 Qd7 17.Nd4 Rac8 18.f5 h6 19.Qd2 Kh7 20.h3 Nh5 21.fxg6+ fxg6 22.Nce2 Rxf1+
23.Rxf1 Ba4 24.g4 e5 25.Qa2 exd4 26.Rf7 Rc2 27.Qd5 Nf6  0-1

[Event "III Marcel Duchamp Boca Jun Op"]
[Site "Buenos Aires ARG"]
[Date "2013.06.21"]
[Round "2.31"]
[White "Altamiranda,Maria Elisa"]
[Black "Lopez,Di"]
[Result "1/2-1/2"]
[WhiteElo "1473"]
[BlackElo "2133"]

1.e4 c5 2.Nf3 e6 3.d4 cxd4 4.Nxd4 a6 5.Nc3 Qc7 6.Be2 b5 7.a3 Bb7 8.f3 Bc5
9.Be3 d6 10.Qd3 Nd7 11.Nb3 Ne5 12.Qd2 Bxe3 13.Qxe3 Nf6 14.O-O O-O 15.Kh1 Rac8
16.Rad1 d5 17.exd5 Nxd5 18.Nxd5 Bxd5 19.Nd4 Ng6 20.c3 Rfd8 21.Nc2 e5 22.Nb4 Bb7
23.Rxd8+ Rxd8 24.Rd1 Re8 25.Bd3 Nf4 26.Bc2 a5 27.Nd3 Nd5 28.Qc5 Qb8 29.Bb3 Rd8
30.Nxe5 Qxe5 31.Qxb5 Re8 32.h3 Ba8 33.Bxd5 Bxd5 34.Qxd5 Qg3 35.Qd2 h5 36.c4 a4
37.Kg1 Re6 38.Qf2 Qc7 39.c5 Qe7 40.Qd4 Kh7 41.c6 Rxc6 42.Qe4+ Qxe4 43.fxe4 Rc2
44.Rd4 Rxb2 45.Rxa4 Ra2 46.h4 f6 47.Kh2 Kg6 48.Kg3 Kf7 49.Ra6 Ra1 50.a4 Re1
51.Kf3 Rf1+ 52.Ke2 Rf4 53.Ke3 Rxh4 54.a5 Rh1 55.Ra8 Rg1 56.Kf2 Ra1 57.a6 Ra3
58.g3 Kg6 59.a7 Kg5 60.e5 fxe5 61.Re8 Rxa7 62.Rxe5+ Kg4 63.Re4+ Kf5 64.Rb4 Ra5
65.Kg2 g5 66.Kh3 Re5 67.Ra4 Rb5 68.Rc4 Rd5 69.Ra4 Rc5 70.Rb4 Ra5 71.Rc4 Ke5
72.Rb4 Kd5 73.Rb8 Ke4 74.Rh8 Kf3 75.Rf8+ Ke4 76.Rh8 Rf5 77.Rxh5 Kf3 78.Rh8 Rf6
79.Rh7 Rf8  1/2-1/2

[Event "4th Forni di Sopra"]
[Site "Forni di Sopra ITA"]
[Date "2013.06.21"]
[Round "8"]
[White "Pancevski,F"]
[Black "Horvath,Cs1"]
[Result "1/2-1/2"]
[WhiteElo "2513"]
[BlackElo "2516"]

1.e4 c5 2.Nf3 e6 3.d4 cxd4 4.Nxd4 a6 5.Nc3 Qc7 6.g3 Nf6 7.Bg2 Bb4 8.Ne2 Be7
9.O-O Nc6 10.a4 O-O 11.h3 d6 12.g4 Rb8 13.g5 Nd7 14.Ng3 b5 15.axb5 axb5 16.Kh1 b4
17.Nce2 Rd8 18.f4 d5 19.f5 dxe4 20.fxe6 Nde5 21.exf7+ Nxf7 22.Bf4 Bd6 23.Bxd6 Nxd6
24.Qd5+ Kh8 25.Nxe4 Nxe4 26.Qxe4 Bb7 27.Nf4 Nd4 28.Ra7 Bxe4 29.Rxc7 Bxc2
30.Re1 b3 31.h4 Nf5 32.h5 Rd4 33.Rb7 Rc8 34.Rc7 Rb8 35.Rb7  1/2-1/2

[Event "8th Teplice Open 2013"]
[Site "Teplice CZE"]
[Date "2013.06.21"]
[Round "7.26"]
[White "Ksana,V"]
[Black "Ptacnikova,L"]
[Result "0-1"]
[WhiteElo "2106"]
[BlackElo "2255"]

1.e4 c5 2.Nf3 e6 3.d4 cxd4 4.Nxd4 a6 5.Nc3 Qc7 6.Be3 Nf6 7.f3 Bb4 8.Qd2 d5
9.e5 Qxe5 10.a3 Be7 11.O-O-O Qc7 12.g4 Nc6 13.h4 b5 14.Bf4 Qb6 15.Nce2 Na5
16.Ng3 Nc4 17.Bxc4 dxc4 18.Be5 Qc5 19.Rhe1 c3 20.bxc3 O-O 21.g5 Nd5 22.Ne4 Qxa3+
23.Kb1 Bb7  0-1

[Event "13th IPCA World Championship"]
[Site "Velke Losiny CZE"]
[Date "2013.06.22"]
[Round "6.16"]
[White "Strnad,P"]
[Black "Sekac,M"]
[Result "0-1"]
[WhiteElo "1863"]
[BlackElo "2090"]

1.e4 c5 2.Nf3 e6 3.d4 cxd4 4.Nxd4 a6 5.Nc3 Qc7 6.Be2 Nf6 7.a3 Nc6 8.Be3 Ne5
9.O-O b5 10.f4 Nc4 11.Bc1 Bb7 12.e5 Nd5 13.Nxd5 Bxd5 14.Kh1 Bc5 15.b3 Nb6
16.Bb2 O-O 17.Bd3 g6 18.Qg4 Rfc8 19.Rae1 Kh8 20.Re3 Rg8 21.Rh3 Rg7 22.Nf3 Bxf3
23.Rfxf3 Nd5 24.Rh6 Ne7 25.Rfh3 Ng8 26.Rxg6 fxg6 27.Rxh7+ Kxh7 28.Qh5+ Nh6
29.Bc1 Ba7 30.Qh4 Qc5  0-1

[Event "III Marcel Duchamp Boca Jun Op"]
[Site "Buenos Aires ARG"]
[Date "2013.06.24"]
[Round "4.1"]
[White "Mussanti,D"]
[Black "Flores,Di"]
[Result "0-1"]
[WhiteElo "2310"]
[BlackElo "2594"]

1.e4 c5 2.Nf3 e6 3.d4 cxd4 4.Nxd4 a6 5.Nc3 b5 6.Bd3 Qb6 7.Nb3 Qc7 8.O-O d6
9.a3 Nf6 10.Bd2 Nc6 11.f4 Bb7 12.Kh1 Be7 13.Qf3 O-O 14.Rae1 b4 15.Nd1 bxa3
16.bxa3 d5 17.exd5 Nxd5 18.Qh3 g6 19.f5 exf5 20.Bxf5 Ne5 21.Bh6 gxf5 22.Bxf8 Bxf8
23.Nd4 Ng6 24.Qxf5 Ndf4 25.Re4 Nxg2  0-1

[Event "III Marcel Duchamp Boca Jun Op"]
[Site "Buenos Aires ARG"]
[Date "2013.06.25"]
[Round "5.31"]
[White "Tomas Falcon,Jesus"]
[Black "Escudero,Jose Maria"]
[Result "1-0"]
[WhiteElo "1944"]
[BlackElo "1680"]

1.e4 c5 2.Nf3 e6 3.d4 cxd4 4.Nxd4 a6 5.Nc3 Qc7 6.Be2 b5 7.O-O Bb7 8.Re1 b4
9.Na4 Bxe4 10.Bf3 Bb7 11.g3 Nc6 12.Bf4 Qa5 13.c4 Be7 14.Nxc6 Bxc6 15.Bxc6 dxc6
16.Re5 Qd8 17.Qf3 Nf6 18.Rd1 Nd7 19.Nc5 Bxc5 20.Rxc5 O-O 21.Qxc6 Ra7 22.Bc7 Ne5
23.Rxd8 Nxc6 24.Rxf8+  1-0

[Event "III Marcel Duchamp Boca Jun Op"]
[Site "Buenos Aires ARG"]
[Date "2013.06.25"]
[Round "5.7"]
[White "Martinez de Negri,G"]
[Black "Pichot,A"]
[Result "1/2-1/2"]
[WhiteElo "2173"]
[BlackElo "2400"]

1.e4 c5 2.Nf3 e6 3.d4 cxd4 4.Nxd4 a6 5.Nc3 Qc7 6.Bd3 Nf6 7.O-O Bc5 8.Nb3 Be7
9.f4 d6 10.Qf3 Nbd7 11.Qg3 h5 12.Kh1 b5 13.a3 Bb7 14.Nd4 Nc5 15.Re1 g6 16.Bd2 h4
17.Qf3 e5 18.fxe5 dxe5 19.Nd5 Nxd5 20.exd5 h3 21.Nc6 hxg2+ 22.Qxg2 Bxc6 23.dxc6 Bd6
24.Bg5 Ne6 25.Bf6 Rh5 26.Be4 Be7 27.Bxe7 Kxe7 28.Rad1 Rd8 29.Rxd8 Qxd8 30.Bf3 Rg5
31.Qe2 Qb6 32.c3 Nf4 33.Qd2 Kf6 34.h4 Rf5 35.Bg4 Qxc6+ 36.Kg1 Qc5+ 37.Kh1 Nh5
38.Bxf5 Ng3+ 39.Kh2 Nxf5 40.Re4 Qc6 41.Qe2 Qc5 42.a4 Nd6 43.Rg4 e4 44.Rg5 Qc7
45.Kh1 Nf5 46.Qxe4 Ng3+ 47.Rxg3 Qxg3 48.axb5 axb5 49.Qc6+ Kg7 50.Qxb5 Qxh4+
51.Kg2 Qg4+ 52.Kf2 Qf4+ 53.Kg2 g5 54.Qd3 Qg4+ 55.Kf2 Kh6 56.b4 Qf4+ 57.Kg2 g4
58.b5 f5 59.b6 Qe5 60.b7 f4 61.Qd4 Qe2+ 62.Qf2 Qe4+ 63.Kg1 g3 64.Qb6+ Kh5
65.b8=Q Qe1+ 66.Kg2 Qe2+ 67.Kg1 Qh2+ 68.Kf1 g2+ 69.Ke1 g1=Q+ 70.Qxg1 Qxg1+
71.Ke2 Qg2+ 72.Ke1 Qe4+ 73.Kf1 Qf3+ 74.Kg1 Qe3+ 75.Kf1 Qd3+ 76.Kf2 Qd2+ 77.Kf1 Kg4
78.Qg8+ Kf3 79.Qa8+  1/2-1/2

[Event "III Marcel Duchamp Boca Jun Op"]
[Site "Buenos Aires ARG"]
[Date "2013.06.25"]
[Round "5.2"]
[White "Alonso,S"]
[Black "Giardelli,S"]
[Result "1/2-1/2"]
[WhiteElo "2506"]
[BlackElo "2344"]

1.e4 c5 2.Nf3 e6 3.d4 cxd4 4.Nxd4 a6 5.Nc3 Qc7 6.Bd3 Nf6 7.O-O Bc5 8.Nb3 Be7
9.f4 d6 10.Qe2 Nc6 11.Kh1 O-O 12.Bd2 Nd7 13.Rae1 b5 14.Nd5 exd5 15.exd5 Nce5
16.fxe5 Nxe5 17.Nd4 Bd7 18.Qh5 g6 19.Qh6 f5 20.Bc3 Bf6 21.Nf3 Rae8 22.Nxe5 dxe5  1/2-1/2

[Event "TCh-MNE Prem 2013"]
[Site "Cetinje MNE"]
[Date "2013.06.25"]
[Round "2.1"]
[White "Sedlak,N"]
[Black "Damljanovic,B"]
[Result "1-0"]
[WhiteElo "2571"]
[BlackElo "2544"]

1.e4 c5 2.Nf3 e6 3.d4 cxd4 4.Nxd4 a6 5.Nc3 d6 6.g4 Nc6 7.Be3 Nge7 8.Nb3 b5
9.f4 Bb7 10.Qe2 Na5 11.O-O-O Nc4 12.f5 e5 13.Qf2 Nxe3 14.Qxe3 Nc8 15.g5 h6
16.g6 Be7 17.gxf7+ Kxf7 18.Kb1 Bg5 19.Qh3 Qb6 20.Qh5+ Kf8 21.f6 Bxf6 22.Bh3 Ne7
23.Rhf1 Bc8 24.Nd5 Nxd5 25.exd5 Bxh3 26.Qxh3 Re8 27.Qf5 Ke7 28.Nd2 Rhf8 29.c4 Kd8
30.Qc2 Be7 31.cxb5 axb5 32.Rc1 Qb7 33.Nb3 Rxf1 34.Rxf1 Rf8 35.Rc1 Ke8 36.Qg6+ Kd8
37.Na5 Qxd5 38.Nc6+ Kd7 39.Nxe7 Qf3 40.a3 Rf6 41.Qxg7 Rf7 42.Qg8 Rf8 43.Qd5 Qxd5
44.Nxd5 Rf2 45.Rc2 Rf1+ 46.Ka2 h5 47.Kb3 h4 48.Kb4 h3 49.Kxb5 Rg1 50.Rc3 Rg2
51.Rxh3 Rxb2+ 52.Kc4 Rd2 53.Rh7+ Ke6 54.Rh6+ Kd7 55.Nb4  1-0

[Event "Mukachevo Summer"]
[Site "Mukachevo UKR"]
[Date "2013.06.26"]
[Round "2.1"]
[White "Terletsky,O"]
[Black "Zubov,A UKR"]
[Result "1-0"]
[WhiteElo "2247"]
[BlackElo "2591"]

1.e4 c5 2.Nf3 e6 3.d4 cxd4 4.Nxd4 a6 5.Nc3 Qc7 6.Bd3 Nf6 7.O-O Bc5 8.Nb3 Be7
9.f4 d6 10.e5 dxe5 11.fxe5 Qxe5 12.Bf4 Qh5 13.Be2 Qh4 14.g3 Qh3 15.Ne4 Nbd7
16.Nd6+ Kf8 17.Bg5 Ne5 18.Rf4 Ng6 19.Rxf6 gxf6 20.Bg4 Qxg4 21.Bh6+ Kg8 22.Qxg4 Bxd6
23.Rd1 Be7 24.Qc4 e5 25.Qc7 Bg4 26.Qxb7 Re8 27.Rf1 f5 28.Qc6 Rd8 29.Nc5 f4
30.Ne4 Be6 31.gxf4 exf4 32.c4 Rc8 33.Qb7 Bh4 34.Rd1 f3 35.c5 Ne5 36.Kh1 Ng4
37.Rg1 f2 38.Nxf2 Bxf2 39.Rxg4+ Bxg4 40.Qg2 Bg3 41.Qxg3 f5 42.Qb3+  1-0

[Event "Visma GM 2013"]
[Site "Vaxjo SWE"]
[Date "2013.06.26"]
[Round "1.3"]
[White "Blomqvist,E"]
[Black "Miezis,N"]
[Result "0-1"]
[WhiteElo "2483"]
[BlackElo "2548"]

1.e4 c5 2.Nf3 e6 3.d4 cxd4 4.Nxd4 a6 5.Nc3 Qc7 6.Be2 b5 7.O-O Bb7 8.Re1 Nc6
9.Nxc6 dxc6 10.e5 Rd8 11.Bd3 Ne7 12.a4 Ng6 13.Qh5 Be7 14.Bxg6 fxg6 15.Qg4 O-O
16.Qxe6+ Kh8 17.Be3 Bc8 18.Qb3 b4 19.Ne4 Qxe5 20.Bb6 Rde8 21.Nc5 Qxe1+ 22.Rxe1 Bxc5
23.Rxe8 Rxe8 24.Kf1 a5 25.g4 Bxb6 26.Qc4 Rf8 27.Qxc6 Bxf2 28.Kg2 g5 29.Qd5 h6
30.c4 bxc3 31.bxc3 Bxg4 32.Qxa5 Be2 33.Qb4 Bf1+ 34.Kh1 Re8 35.Qg4 Bd3 36.Kg2 Rf8
37.a5 Bc5 38.c4 Kh7 39.a6 Rf6 40.Qc8 Be4+ 41.Kg3 Bd6+ 42.Kg4 Rf4+  0-1

[Event "66th ch-RUS HL"]
[Site "Yekaterinburg RUS"]
[Date "2013.06.26"]
[Round "6.13"]
[White "Najer,E"]
[Black "Artemiev,V"]
[Result "1-0"]
[WhiteElo "2633"]
[BlackElo "2524"]

1.e4 c5 2.Nf3 e6 3.d4 cxd4 4.Nxd4 a6 5.Nc3 Qc7 6.Bd3 Nf6 7.O-O d6 8.a4 b6
9.f4 Bb7 10.f5 e5 11.Nb3 Nbd7 12.Qf3 h5 13.Be3 Be7 14.Rad1 Rd8 15.Kh1 Qb8
16.Nd2 Rc8 17.Nc4 Bc6 18.Rfe1 h4 19.Bg5 h3 20.gxh3 b5 21.axb5 axb5 22.Na5 Ba8
23.h4 b4 24.Nd5 Bd8 25.Nc4 Nxd5 26.exd5 Rc5 27.b3 Nf6 28.Bxf6 Bxf6 29.h5 Bh4
30.Rg1 Bxd5 31.Be4 Bxc4 32.bxc4 Bf6 33.Ra1 Rc8 34.Ra4 Qb6 35.Rb1 Rxc4 36.Ra8+ Bd8
37.f6 gxf6 38.Qxf6 Rf8 39.Bd5 Rc5 40.Rxb4 Qc7 41.Rb7  1-0

[Event "8th Vladimir Dvorkovich Cup"]
[Site "Moscow RUS"]
[Date "2013.06.27"]
[Round "3.13"]
[White "Alekseenko,K"]
[Black "Gajek,R"]
[Result "1/2-1/2"]
[WhiteElo "2449"]
[BlackElo "2296"]

1.e4 c5 2.Nf3 e6 3.d4 cxd4 4.Nxd4 a6 5.Nc3 Qc7 6.Be2 b5 7.O-O Bb7 8.Re1 Nc6
9.Nxc6 dxc6 10.e5 Rd8 11.Bd3 c5 12.Qe2 Ne7 13.Bg5 Rd4 14.Rad1 Nc6 15.a4 c4
16.Be4 b4 17.Bxc6+ Qxc6 18.Ne4 Rd7 19.Rxd7 Qxd7 20.Qxc4 h6 21.Bh4 Bd5 22.Qxa6 Bxe4
23.Rxe4 g5 24.Bg3 Bc5 25.Qb5 Qxb5 26.axb5 Kd7 27.Rc4 Be7 28.f4 Rb8 29.Kf2 Rxb5
30.Kf3 b3 31.Rd4+ Kc6 32.c4 Rb7 33.Be1 f5 34.fxg5 hxg5 35.g4 Ba3 36.Bc3 Bc5
37.Rd8 fxg4+ 38.Kxg4 Be7 39.Ra8 Kd7 40.Bd2 Bb4 41.Ra6 Rc7 42.Bxb4 Rxc4+ 43.Kxg5 Rxb4
44.Rd6+ Ke7 45.Rc6 Re4 46.Rc7+ Kd8 47.Rc5 Re2 48.h4 Rxb2 49.Rb5 Kd7 50.Kf4  1/2-1/2

[Event "III Marcel Duchamp Boca Jun Op"]
[Site "Buenos Aires ARG"]
[Date "2013.06.28"]
[Round "8.41"]
[White "Altamiranda,Maria Elisa"]
[Black "Leonoff,L"]
[Result "0-1"]
[WhiteElo "1473"]
[BlackElo "1935"]

1.e4 c5 2.Nf3 e6 3.d4 cxd4 4.Nxd4 a6 5.Nc3 Qc7 6.Bd3 Nf6 7.O-O b5 8.a3 Bb7
9.Qe2 Nc6 10.Nxc6 Qxc6 11.f4 Bc5+ 12.Be3 Ng4 13.Bxc5 Qxc5+ 14.Kh1 h5 15.h3 g5
16.g3 gxf4 17.gxf4 Nh6 18.Qf2 d6 19.Qxc5 dxc5 20.Kh2 c4 21.Be2 O-O-O 22.Rad1 f5
23.e5 Rdg8 24.Rg1 h4 25.Rxg8+ Rxg8 26.Rg1 Kd7 27.Rxg8 Nxg8 28.a4 Bc6 29.axb5 axb5
30.Nd1 Ne7 31.b3 cxb3 32.cxb3 Ng6 33.Nc3 b4 34.Na2 Nxf4 35.Bc4 Nd5 36.Bxd5 Bxd5
37.Nxb4 Bxb3 38.Nd3 Ke7 39.Nf4 Kf7 40.Ng2 Bd5 41.Nxh4 Kg7 42.Kg3 Kh6 43.Kf4 Be4
44.Kg3 Kg5 45.Nf3+ Bxf3 46.Kxf3 Kh4 47.Kf4 Kxh3 48.Kg5 Kg3 49.Kf6 f4 50.Kxe6 f3
51.Kd7 f2 52.e6 f1=Q 53.e7 Qd3+ 54.Ke6 Qe4+ 55.Kf6 Kf4 56.Kf7 Qf5+ 57.Kg7 Qe6
58.Kf8 Qf6+ 59.Ke8 Ke5 60.Kd7 Qd6+  0-1

[Event "FISCA Open D 2013"]
[Site "Cap Aurora ROU"]
[Date "2013.06.28"]
[Round "8.6"]
[White "Baciu,A"]
[Black "Gilea,L"]
[Result "0-1"]
[WhiteElo "2127"]
[BlackElo "2292"]

1.e4 c5 2.Nf3 e6 3.d4 cxd4 4.Nxd4 a6 5.Nc3 Qc7 6.Bd3 Nf6 7.O-O Bc5 8.Nb3 Be7
9.Qe2 d6 10.a4 b6 11.f4 Nbd7 12.Kh1 Bb7 13.Bd2 h5 14.Rf3 h4 15.Rh3 e5 16.Rf1 Bc6
17.fxe5 Nxe5 18.Bg5 Nxd3 19.Qxd3 Rh5 20.Bxf6 Bxf6 21.Nd4 Bb7 22.Nde2 Bxc3
23.Nxc3 Rc8 24.Qf3 g6 25.Qf4 Qe7 26.Rd1 Rd8 27.Rhd3 Re5 28.Rd4 Kf8 29.h3 Kg7
30.Nd5 Bxd5 31.exd5 Re2 32.R4d2 Re4 33.Qf1 Re8 34.c4 Qg5 35.Rf2 f5 36.b4 Qg3
37.c5 bxc5 38.bxc5 dxc5 39.Qxa6 Qxf2  0-1

[Event "Geneva Open A 2013"]
[Site "Geneva SUI"]
[Date "2013.06.28"]
[Round "6.7"]
[White "Louis,T"]
[Black "Midoux,S"]
[Result "1-0"]
[WhiteElo "2222"]
[BlackElo "2329"]

1.e4 c5 2.Nc3 a6 3.Nge2 e6 4.d4 cxd4 5.Nxd4 Nc6 6.g3 d6 7.Bg2 Bd7 8.O-O Nf6
9.Nde2 Rc8 10.a4 Be7 11.h3 Nb4 12.Be3 b6 13.Qd2 O-O 14.Rfd1 Bc6 15.Nf4 Ba8
16.Ncd5 Nbxd5 17.exd5 e5 18.Ne2 Nd7 19.g4 Re8 20.Ng3 Qc7 21.Be4 g6 22.Ra3 Nf6
23.Rc3 Nxe4 24.Nxe4 Qd8 25.Rxc8 Qxc8 26.Bg5 Qc4 27.Qe3 Bxg5 28.Nxg5 Bxd5
29.b3 Qc6 30.c4 Be6 31.Ne4 Rd8 32.Qg5 Qc7 33.Qh6 f5 34.Nf6+ Kh8 35.Rxd6 Bg8
36.Rxd8 Qxd8 37.g5 Qd1+ 38.Kg2 Qd8 39.Kg1 Qe7 40.h4 a5 41.h5 Qg7 42.hxg6 Qxg6  1-0